000251242 001__ 251242
000251242 005__ 20230715173036.0
000251242 0247_ $$aG:(GEPRIS)196866140$$d196866140
000251242 035__ $$aG:(GEPRIS)196866140
000251242 040__ $$aGEPRIS$$chttp://gepris.its.kfa-juelich.de
000251242 150__ $$aBestimmung der temperaturabhängigen bruch- und schädigungsmechanischen Eigenschaften keramischer Filterwerkstoffe aus Kleinstproben (C03)$$y2011 - 2023
000251242 371__ $$aDr.-Ing. Martin Abendroth
000251242 371__ $$aProfessor Björn Kiefer, Ph.D.
000251242 371__ $$aProfessor Dr. Meinhard Kuna
000251242 450__ $$aSFB 920 C03$$wd$$y2011 - 2023
000251242 5101_ $$0I:(DE-588b)2007744-0$$aDeutsche Forschungsgemeinschaft$$bDFG
000251242 550__ $$0G:(GEPRIS)169148856$$aSFB 920: Multifunktionale Filter für die Metallschmelzefiltration - ein Beitrag zu Zero Defect Materials$$wt
000251242 680__ $$aDas Teilprojekt C03 befasst sich mit der Entwicklung und Anwendung kombinierter Prüfmethoden, zur Ermittlung bruch- und schädigungsmechanischer Eigenschaften neuartiger keramischer Werkstoffe bei Prüftemperaturen bis zu 1600 °C.Die Geometrien der Kleinstproben, basierend auf dem Small Punch Test, dem miniaturisierten 4-Punkt-Biegeversuche mit Chevron-gekerbten Biegeproben bzw. dem Brazilian Disc Test, sollen dabei geometrisch so eingestellt werden, dass während des Versuches stabil wachsende Risse bzw. schädigungsmechanische Prozesszonen analysiert werden können. Mit Hilfe optischer Feldmessverfahren und der Methode der finiten Elemente werden die lokalen Dehnungs- und Spannungsfelder, sowie Spannungsintensitätsfaktoren ermittelt.
000251242 909CO $$ooai:juser.fz-juelich.de:917844$$pauthority$$pauthority:GRANT
000251242 909CO $$ooai:juser.fz-juelich.de:917844
000251242 980__ $$aG
000251242 980__ $$aAUTHORITY